000 00370nam a2200133Ia 4500
003 GCL
008 140319s9999 xx 000 0 ara d
040 _aGCL /
_cGCL
082 0 4 _a910.9
_bم م
100 1 _aمحمد محمود الصياد
245 1 0 _aمدخل للجغرافيا الاقليمية /
_cمحمد محمود الصياد
300 _a321 ص
490 _a
999 _c37628
_d37628